Normal view MARC view
  • Hunger, J. David & Wheelen, Thomas L.

Entry Personal Name

Number of records used in: 1

001 - CONTROL NUMBER

  • control field: 4848

003 - CONTROL NUMBER IDENTIFIER

  • control field: OSt

005 - DATE AND TIME OF LATEST TRANSACTION

  • control field: 20180821124432.0

008 - FIXED-LENGTH DATA ELEMENTS

  • fixed length control field: 180821|| aca||aabn | a|a d

040 ## - CATALOGING SOURCE

  • Original cataloging agency: OSt
  • Transcribing agency: OSt

100 ## - HEADING--PERSONAL NAME

  • Personal name: Hunger, J. David & Wheelen, Thomas L.

670 ## - SOURCE DATA FOUND

  • Source citation: Work cat.: (OSt)1515: Hunger, J. David & Wheelen, Thomas L., Essentials of Strategic Mgt